000 00275nam a2200109Ia 4500
008 200302s9999 xx 000 0 und d
100 _aChristopher Tadgell
245 _aThe History of Architecture in India
260 _bPhaidon Perss Ltd.
260 _c1990
300 _a336 P.,
999 _c1517
_d1517